01653cam a22002775a 45000010009000000050017000090080041000260200026000670400038000930820020001311000034001512450127001852600051003123000033003635000024003965040041004205050514004616500044009756510010010196530025010296550024010549420008010789990017010869520154011039520118012571722001620151217111628.0120319t2013 njua frb 001 0 eng d a9780470903230 (cloth) aDNLM/DLCbengcDLCdDLCdEG-ScBUE04a615.19bSIM2221 aSimon, Laurent,d1968-93858110aControl of biological and drug-delivery systems for chemical, biomedical, and pharmaceutical engineering /cLaurent Simon. aHoboken :bA John Wiley & Sons, Inc.,cc.2013. axv, 366 p. :bill. ;c25 cm. aIndex : p. 361-366. aIncludes bibliographical references.0 aMathematical models -- Linearization and deviation variables -- Stability considerations -- Laplace transforms -- Inverse laplace transforms -- Transfer functions -- Dynamic behaviors of typical plants -- Closed-loop responses with P, PI and PID controllers -- Frequency response analysis -- Stability analysis of feedback systems -- Design of feedback controllers -- Feedback control of dead-time systems -- Cascade and feedforward control strategies -- Effective time constant -- Optimal control and design. 7aPharmaceutical chemistry.9300272BUEsh 2BUEsh bENGCHEcNovember2015 vReading book934232 2ddc c20688d20660 00102ddc40708BaccahaMAINbMAINc1STd2015-08-24ePurchaseg870.00h23317l1o615.19 SIMp000039038r2025-07-15 00:00:00s2017-02-27v1088.00yBB 00102ddc40708BaccahaMAINbMAINc1STd2015-10-26ePurchasel0o615.19 SIMp000031207r2025-07-15 00:00:00yBB